Cyclisme : Effectif 2025 de la Décathlon AG2R la Mondiale - Statistiques

Statistiques générales
  • Ce quiz a été pris 68 fois
  • Le résultat moyen est 16 sur 30
Statistiques - réponses
Pays Reprensenté Coureur % Correct
Irlande Sam Bennett
91%
Autriche Felix Gall
89%
France Paul Seixas
82%
Belgique Oliver Naesen
79%
France Benoît Cosnefroy
75%
France Paul Lapeira
75%
France Aurélien Paret-Peintre
73%
France Bruno Armirail
71%
France Dorian Godon
68%
Suisse Stefan Bissegger
66%
Italie Andrea Vendrame
63%
France Nicolas Prodhomme
63%
France Léo Bisiaux
57%
France Bastien Tronchon
55%
France Clément Berthet
52%
France Victor Lafay
52%
France Nans Peters
48%
Norvège Johannes Staune-Mittet
46%
Belgique Dries De Bondt
43%
France Noa Isidore
43%
Belgique Sander De Pestel
43%
Belgique Stan Dewulf
41%
France Pierre Gautherat
39%
France Geoffrey Bouchard
36%
Australie Callum Scotson
34%
France Jordan Labrosse
32%
Australie Oscar Chamberlain
30%
Norvège Tord Gudmestad
29%
Belgique Gianluca Pollefliet
21%
Norvège Rasmus Søjberg
16%
Aucun quiz correspondant
Distribution des résultats
% des personnes avec chaque résultat
Percentile par nombre de réponses
Votre historique - résultats
Vous n’avez pas pris ce quiz